000 00601nam a2200181Ia 4500
008 090124s9999 xx 000 0 und d
082 _b46689
100 _aघाणेकर प्र. के.
245 _a मैत्री सागरदुर्गांची
250 _a1
260 _c2001
300 _a72
600 _aघाणेकर प्र. के.
630 _a मैत्री सागरदुर्गांची
700 _aघाणेकर प्र. के.
730 _a मैत्री सागरदुर्गांची
942 _cBOOK
999 _c112905
_d112905